USMLE: Step 1 (Record no. 339)

000 -LEADER
fixed length control field 00778nam a22002537a 4500
005 - DATE AND TIME OF LATEST TRANSACTION
control field 20210419083121.0
008 - FIXED-LENGTH DATA ELEMENTS--GENERAL INFORMATION
fixed length control field 201110s2017 ||||| |||| 00| 0 eng d
020 ## - INTERNATIONAL STANDARD BOOK NUMBER
International Standard Book Number 9781506208756
040 ## - CATALOGING SOURCE
Original cataloging agency eng
Transcribing agency DLC
041 ## - LANGUAGE CODE
Language code of text/sound track or separate title eng
080 ## - UNIVERSAL DECIMAL CLASSIFICATION NUMBER
Universal Decimal Classification number 615
Item number K-20
100 ## - MAIN ENTRY--PERSONAL NAME
9 (RLIN) 21
Personal name Davis, Craig PhD
245 ## - TITLE STATEMENT
Title USMLE: Step 1
Remainder of title : Lecture Notes 2017, Pharmacology
Statement of responsibility, etc. / by Kaplan Medical: Edited by Craig Davis PhD, Steven R. Harris PhD
260 ## - PUBLICATION, DISTRIBUTION, ETC.
Place of publication, distribution, etc. New York
Name of publisher, distributor, etc. Kaplan Medical
Date of publication, distribution, etc. 2017
300 ## - PHYSICAL DESCRIPTION
Extent 340 pages
Other physical details ill
650 #0 - SUBJECT ADDED ENTRY--TOPICAL TERM
9 (RLIN) 124
Topical term or geographic name entry element Pharmacology
650 #0 - SUBJECT ADDED ENTRY--TOPICAL TERM
9 (RLIN) 69
Topical term or geographic name entry element Medicine
650 #0 - SUBJECT ADDED ENTRY--TOPICAL TERM
9 (RLIN) 72
Topical term or geographic name entry element USMLE STEP 1
653 ## - INDEX TERM--UNCONTROLLED
Uncontrolled term მედიცინა
653 ## - INDEX TERM--UNCONTROLLED
Uncontrolled term ფარმაკოლოგია
700 ## - ADDED ENTRY--PERSONAL NAME
9 (RLIN) 21
Personal name Davis, Craig PhD
710 ## - ADDED ENTRY--CORPORATE NAME
9 (RLIN) 22
Corporate name or jurisdiction name as entry element Harris, R. Steven PhD
942 ## - ADDED ENTRY ELEMENTS (KOHA)
Source of classification or shelving scheme
Koha item type Books
Holdings
Withdrawn status Lost status Source of classification or shelving scheme Damaged status Not for loan Permanent location Current location Date acquired Inventory number Total Checkouts Full call number Barcode Date last seen Price effective from Koha item type
          Ken Walker International University Ken Walker International University 11/21/2020 1189   615 K-20 1189 11/21/2020 11/21/2020 Books
          Ken Walker International University Ken Walker International University 11/21/2020 1186   615 K-20 1186 11/21/2020 11/21/2020 Books

Powered by Koha